<?xml version="1.0" encoding="UTF-8"?>
<record
    xmlns:xsi="http://www.w3.org/2001/XMLSchema-instance"
    xsi:schemaLocation="http://www.loc.gov/MARC21/slim http://www.loc.gov/standards/marcxml/schema/MARC21slim.xsd"
    xmlns="http://www.loc.gov/MARC21/slim">

  <leader>00971nmm a22001571i 4500</leader>
  <controlfield tag="001">25086</controlfield>
  <datafield tag="090" ind1=" " ind2=" ">
    <subfield code="a">25086</subfield>
  </datafield>
  <datafield tag="100" ind1=" " ind2=" ">
    <subfield code="a">20120424u        u  u0frey50      ba</subfield>
  </datafield>
  <datafield tag="200" ind1="1" ind2=" ">
    <subfield code="a">Espect&#xE1;culo Bugs Bunny</subfield>
  </datafield>
  <datafield tag="210" ind1=" " ind2=" ">
    <subfield code="c">Levoir, Marketing e Conte&#xFA;dos Multim&#xE9;dia, SA</subfield>
    <subfield code="d">2006</subfield>
  </datafield>
  <datafield tag="215" ind1=" " ind2=" ">
    <subfield code="d">1 DVD (aprox. 52 minutos): color.; 19 cm</subfield>
  </datafield>
  <datafield tag="225" ind1="2" ind2=" ">
    <subfield code="a">Looney Tunes &amp; amigos - novas aventuras</subfield>
    <subfield code="v">4</subfield>
  </datafield>
  <datafield tag="300" ind1=" " ind2=" ">
    <subfield code="a">N.&#xBA;  de registo 6214/2006. - M/ 4 anos. - Publicado com o jornal P&#xFA;blico </subfield>
  </datafield>
  <datafield tag="327" ind1=" " ind2=" ">
    <subfield code="a">Cont&#xE9;m os epis&#xF3;dios: Isto &#xE9; que &#xE9; vida. - Videocoelho. - A lebre de ouro. - DuckDodgers e o regresso do s&#xE9;culo 24 e meio. - Uma heran&#xE7;a irasc&#xED;vel. - O coelho e o monstro. - Um coelho do outro mundo. - Bugs Bunny e Napole&#xE3;o</subfield>
  </datafield>
  <datafield tag="330" ind1=" " ind2=" ">
    <subfield code="a">Sinopse: O Bugs Bunny pode ser f&#xE1;cilmente encontrado no bosque de ACME, na toca n&#xBA;  1 a comer cenouras, o que ele mais gosta de fazer! Mas a sua maior ambi&#xE7;&#xE3;o &#xE9; mesmo que os momentos que passes com ele sejam os mais divertidos de sempre!!!</subfield>
  </datafield>
  <datafield tag="990" ind1=" " ind2=" ">
    <subfield code="c">FILMES DVD</subfield>
  </datafield>
  <datafield tag="995" ind1=" " ind2=" ">
    <subfield code="0">0</subfield>
    <subfield code="1">0</subfield>
    <subfield code="9">34384</subfield>
    <subfield code="b">BMVAAG</subfield>
    <subfield code="d">BMVAAG</subfield>
    <subfield code="e">DVDs / CD-Roms</subfield>
    <subfield code="f">0001077VI</subfield>
    <subfield code="k">ESP</subfield>
    <subfield code="m">2017-12-11</subfield>
    <subfield code="o">0</subfield>
    <subfield code="r">FILMES DVD</subfield>
    <subfield code="u">M/4</subfield>
    <subfield code="a">BMVAAG</subfield>
    <subfield code="c">BMVAAG</subfield>
    <subfield code="q">106</subfield>
  </datafield>
  <datafield tag="995" ind1=" " ind2=" ">
    <subfield code="0">0</subfield>
    <subfield code="1">0</subfield>
    <subfield code="9">34385</subfield>
    <subfield code="b">BMVAAL</subfield>
    <subfield code="d">BMVAAL</subfield>
    <subfield code="e">DVDs / CD-Roms</subfield>
    <subfield code="f">0001045VI</subfield>
    <subfield code="k">ESP</subfield>
    <subfield code="o">0</subfield>
    <subfield code="r">FILMES DVD</subfield>
    <subfield code="u">M/ 4 anos </subfield>
    <subfield code="a">BMVAAL</subfield>
    <subfield code="c">BMVAAL</subfield>
    <subfield code="q">106</subfield>
  </datafield>
</record>
